Statistiques concernant Les villes françaises et leurs spécialités culinaires

Cliquez ici pour prendre le quiz!

Statistiques générales

  • Ce quiz a été pris 409 fois
  • Le résultat moyen est 20 sur 37

Statistiques - réponses

Spécialité ville % Correct
moutardeDijon
99%
bouillabaisseMarseille
94%
saucisseToulouse
92%
pruneauAgen
90%
saucisseStrasbourg
86%
cannelésBordeaux
83%
rosetteLyon
83%
bêtisesCambrai
83%
nougatMontélimar
81%
pimentEspelette
80%
rillettesLe Mans
78%
tripesCaen
77%
petit beurreNantes
76%
jambonBayonne
73%
calissonAix en Provence
68%
fourmeAmbert
67%
brieMeaux
65%
saucisseMorteau
59%
biscuit roseReims
57%
clairetteDie
56%
citronMenton
54%
melonCavaillon
53%
cassouletCastelnaudary
51%
bergamoteNancy
50%
crottinChavignol
48%
andouilleVire
45%
andouilletteTroyes
40%
andouilleGuéméné
36%
rillonsTours
31%
galettesPont-Aven
26%
madeleinesCommercy
25%
kouign amannDouarnenez
10%
berlingotCarpentras
9%
dragéesVerdun
9%
boudin blancRethel
7%
andouilleJargeau
3%
kirschFougerolles
3%

Distribution des résultats

Percentile par nombre de réponses

% des personnes avec chaque résultat

Votre développement - résultats

Vous n’avez pas pris ce quiz